Unrecognized Countries - Statistics

General Stats
  • This quiz has been taken 108 times
  • The average score is 6 of 12
Answer Stats
Independent Owned By Answer % Correct
2005 Morocco Western Sahara
86%
1991 Somalia Somaliland
80%
1983 Cyprus Northern Cyprus
74%
1990 Moldova Transnistria
69%
1992 Georgia South Ossetia
61%
1988 No one Palestine
61%
2008 No one Kosovo
49%
2014 Ukraine Donetsk
46%
2014 Ukraine Luhansk
43%
1991 Azerbaijan Artsakh
38%
1895 No one Taiwan
38%
1994 Georgia Abkzazia
4%
No matching quizzes found
Score Distribution
Percent of People with Each Score
Percentile by Number Answered
Your Score History
You have not taken this quiz